LEADER 01229nam a2200265 i 4500 001 000000147686 003 CaOOAMICUS 005 20161202000000.0 008 161202s1971 it u000 u ita u 013 $a124922 040 $aSeMil$bita 100 1 $aRuckstuhl, Eugen.$0(OLS)http://semarc/name/58537 240 14$aDie Auferstehung Jesu Christi : heilsgeschichtliche Tatsache und Brennpunkt des Glaubens.$0(OLS)http://semarc/title/215926 245 13$aLa resurrezione di Gesù Cristo :$brealtà storico-salvifica e centro della fede /$cEugen Ruckstuhl, Josef Pfammatter. 260 $aRoma :$bAVE,$c1971. 300 $a164 p. ;$c22 cm. 490 0 $aTeologia oggi ;$v16. 650 4$aRisurrezione - Teologia.$0(OLS)http://semarc/subject/7244 700 1 $aPfammatter, Josef.$0(OLS)http://semarc/name/7089 830 0$aTeologia oggi ;$v16.$0(OLS)http://semarc/title/653 850 $aSeMil 852 $aSeMil$W1$xVenegono$y1$m2B VII 25$j100222$B100222$CSeMilBibl$Z2$F109302 $81 961 $aOmaggio: Gallivanone don Franco 996 $6245$aLa resurrezione di Gesù Cristo :$brealtà storico-salvifica e centro della fede$9(OLS)http://semarc/title/215925 996 $6260$aRoma :$bAVE$9(OLS)http://semarc/publisher/30251 LEADER 01057nam a2200265 i 4500 001 000000161159 003 CaOOAMICUS 005 20070403000000.0 008 070403s1988 it u000 u ita u 013 $a138522 020 $a88-414-3002-8 040 $aSeMil$bita 100 1 $aRohr, René R. J.$0(OLS)http://semarc/name/42505 240 14$aDie Sonnenuhr.$0(OLS)http://semarc/title/144108 245 10$aMeridiane :$bstoria, teoria, pratica /$cRené R. J. Rohr. 260 $aTorino :$bUlissedizioni,$cCopyr. 1988. 300 $a216 p. :$bricc. ill. ;$c28x26 cm. 500 $aContiene : Bibliografia. 650 4$aMeridiane.$0(OLS)http://semarc/subject/5842 850 $aSeMil 852 $aSeMil$W1$xVenegono$y1$m3X VI 11$j112592$B112592$CSeMilBibl$Z2$F124569 $81 961 $aLascito: Chierichetti mons. Giovanni 996 $6020$a88-414-3002-8$9(OLS)http://semarc/number/77144 996 $6245$aMeridiane :$bstoria, teoria, pratica$9(OLS)http://semarc/title/144107 996 $6260$aTorino :$bUlissedizioni$9(OLS)http://semarc/publisher/44394